Sports Quiz

Random Sports or Nation Quiz

Best Olympic Track and Field Nations Quiz Stats

 Plays Quiz Updated Mar 29, 2019

Score 0/15 Timer 05:00
3 Plays Today
Rank Nation % Correct
1.United States
99.7%
3.Great Britain
91.6%
8.Germany
90.4%
15.France
89%
13.Russia
88.7%
10.Jamaica
86.8%
14.Canada
82.8%
11.Italy
77.3%
Rank Nation % Correct
7.Kenya
75.2%
12.Australia
74.7%
2.Soviet Union
65.7%
9.Sweden
57.1%
6Poland
54.9%
5.East Germany
51.3%
4.Finland
46.9%

You're not logged in!

Compare scores with friends on all Sporcle quizzes.
OR
Log In

Sporcle TV

Today on Sporcle TV


Watch our educational content, quiz creation guides, and fun videos on Sporcle TV.

Show Comments

Extras

Top Quizzes Today


Score Distribution

Your Account Isn't Verified!

In order to create a playlist on Sporcle, you need to verify the email address you used during registration. Go to your Sporcle Settings to finish the process.

Report this User

Report this user for behavior that violates our Community Guidelines.

Details: